Kraje europejskie które na 100% Znasz! - Statystyki

Ogólne statystyki
  • Ten quiz został rozwiązany 241 razy
  • Średni wynik to 13 z 15
Statystyki odpowiedzi
Stolica Kraj % Poprawnych
Paryż Francja
99%
Warszawa Polska
99%
Rzym Włochy
98%
Madryt Hiszpania
96%
Amsterdam Holandia
95%
Lizbona Portugalia
91%
Sztokholm Szwecja
91%
Bruksela Belgia
90%
Mińsk Białoruś
88%
Kopenhaga Dania
88%
Dublin Irlandia
86%
Helsinki Finlandia
85%
Rejkawik Islandia
79%
Litwa Wilno
69%
Estonia Tallinn
61%
Nie znaleziono quizów pasujących do podanych kryteriów
Rozkład punktacji
Procent ludzi z każdym wynikiem
Percentyl według liczby udzielonych odpowiedzi
Twoja historia wyników
Nie rozwiązałeś tego quizu